[Event "Santos op"]
[Site "Santos"]
[Date "2009.06.27"]
[Round "4"]
[White "Morado Rodrigue, Bruno"]
[Black "Camargo de Oliveira, Silvio Ed"]
[Result "1/2-1/2"]
[WhiteElo "1950"]
[BlackElo "2360"]
[PlyCount "52"]
[EventDate "2009.06.26"]
[EventType "swiss"]
[EventRounds "6"]
[EventCountry "BRA"]
[SourceTitle "EXT 2012"]
[Source "ChessBase"]
[SourceDate "2011.11.24"]
[SourceVersion "1"]
[SourceVersionDate "2011.11.24"]
[SourceQuality "1"]

1. e4 c5 2. c3 Qa5 3. Nf3 Nc6 4. Na3 e6 5. Qb3 Nf6 6. e5 Ng4 7. Nc4 Qc7 8. d4 cxd4 9. cxd4 Bb4+ 10. Bd2 Bxd2+ 11. Ncxd2 d6 12. h3 Nh6 13. Bb5 0-0 14. Bxc6 Qxc6 15. 0-0 d5 16. Rac1 Qb6 17. Qxb6 axb6 18. Rc7 Rxa2 19. Rfc1 Ra8 20. Nb1 Rd8 21. Na3 Rb8 22. Nb5 Bd7 23. Nd6 Bc6 24. Ng5 Rf8 25. b4 b5 26. g4 Ra8 1/2-1/2